<?xml version="1.0" encoding="UTF-8"?><?xml-stylesheet type="text/xsl" href="static/style.xsl"?><OAI-PMH xmlns="http://www.openarchives.org/OAI/2.0/" xmlns:xsi="http://www.w3.org/2001/XMLSchema-instance" xsi:schemaLocation="http://www.openarchives.org/OAI/2.0/ http://www.openarchives.org/OAI/2.0/OAI-PMH.xsd"><responseDate>2026-06-01T05:30:27Z</responseDate><request verb="GetRecord" identifier="oai:riuma.uma.es:10630/13623" metadataPrefix="marc">https://riuma.uma.es/rest/oai/request</request><GetRecord><record><header><identifier>oai:riuma.uma.es:10630/13623</identifier><datestamp>2026-02-03T11:02:23Z</datestamp><setSpec>com_10630_2254</setSpec><setSpec>col_10630_37953</setSpec></header><metadata><record xmlns="http://www.loc.gov/MARC21/slim" xmlns:dcterms="http://purl.org/dc/terms/" xmlns:doc="http://www.lyncode.com/xoai" xmlns:xsi="http://www.w3.org/2001/XMLSchema-instance" xsi:schemaLocation="http://www.loc.gov/MARC21/slim http://www.loc.gov/standards/marcxml/schema/MARC21slim.xsd">
   <leader>00925njm 22002777a 4500</leader>
   <datafield ind2=" " ind1=" " tag="042">
      <subfield code="a">dc</subfield>
   </datafield>
   <datafield ind2=" " ind1=" " tag="720">
      <subfield code="a">Santacruz-Cruz, María Isabel</subfield>
      <subfield code="e">author</subfield>
   </datafield>
   <datafield ind2=" " ind1=" " tag="720">
      <subfield code="a">Gómez-de-la-Torre, María de los  Ángeles</subfield>
      <subfield code="e">author</subfield>
   </datafield>
   <datafield ind2=" " ind1=" " tag="720">
      <subfield code="a">Álvarez-Pinazo, Gema</subfield>
      <subfield code="e">author</subfield>
   </datafield>
   <datafield ind2=" " ind1=" " tag="720">
      <subfield code="a">Cabeza-Díaz, Aurelio</subfield>
      <subfield code="e">author</subfield>
   </datafield>
   <datafield ind2=" " ind1=" " tag="720">
      <subfield code="a">Cuesta-García, Ana María</subfield>
      <subfield code="e">author</subfield>
   </datafield>
   <datafield ind2=" " ind1=" " tag="720">
      <subfield code="a">Sanz, Jesus</subfield>
      <subfield code="e">author</subfield>
   </datafield>
   <datafield ind2=" " ind1=" " tag="720">
      <subfield code="a">García-Aranda, Miguel Ángel</subfield>
      <subfield code="e">author</subfield>
   </datafield>
   <datafield ind2=" " ind1=" " tag="260">
      <subfield code="c">2015</subfield>
   </datafield>
   <datafield ind2=" " ind1=" " tag="520">
      <subfield code="a">Stratlingite, Ca4Al2(OH)12[AlSi(OH)8]2•2H2O, is an AFm phase which appears as hydration product of aluminum-rich cements. These binders may be calcium aluminate cements, calcium sulfoaluminate cements and also Belite Calcium Sulfo-Aluminate (BCSA) cements. The structure of stratlingite is known from single crystal studies of tiny minerals but their bulk formation, crystal structure and microstructure of powders is poorly understood. Here, we report the synthesis of stratlingite and a complete structural and microstructural characterization by synchrotron X-ray powder diffraction, nuclear magnetic resonance, scanning electron microscopy and thermal analyses. The structural and microstructural models have important implications for a correct quantitative phase analysis of stratlingite in cement pastes (for instance, in pastes of BCSA cements). The microstructure of stratlingite formed in cement pastes is highly dependent on the hydration conditions. In BCSA pastes, the (003) line position of stratlingite appears slightly shifted towards higher diffracting angles (lower inter-layered distance) after stopping hydration compared to that of a similar phase present in a paste analyzed without stopping hydration. This is related to dehydration and disorder. This shift and peak broadening is even larger when the paste has suffered partial dehydration during curing (apart from stopping hydration). A microstructural study is reported</subfield>
   </datafield>
   <datafield ind1="8" ind2=" " tag="024">
      <subfield code="a">Advances in Cement Research, 2016, 28 (1), 13 – 22</subfield>
   </datafield>
   <datafield ind1="8" ind2=" " tag="024">
      <subfield code="a">0951-7197</subfield>
   </datafield>
   <datafield ind1="8" ind2=" " tag="024">
      <subfield code="a">http://hdl.handle.net/10630/13623</subfield>
   </datafield>
   <datafield tag="653" ind2=" " ind1=" ">
      <subfield code="a">Rietveld, Método de</subfield>
   </datafield>
   <datafield tag="653" ind2=" " ind1=" ">
      <subfield code="a">Cemento</subfield>
   </datafield>
   <datafield ind2="0" ind1="0" tag="245">
      <subfield code="a">Structure of stratlingite and effect of hydration methodology on microstructure</subfield>
   </datafield>
</record>
</metadata></record></GetRecord></OAI-PMH>